Statistics for Top 10 Largest Countries In Africa

Click here to take the quiz!

General Stats

  • This quiz has been taken 1,162 times
  • The average score is 9 of 10

Answer Stats

HintAnswer% Correct
2,381,741Algeria
98%
1,861,484Sudan
95%
1,219,090South Africa
92%
1,267,000Niger
91%
1,284,000Chad
90%
1,759,540Libya
90%
1,240,192Mali
87%
2,344,858Democratic Republic of the Congo
81%
1,104,300Ethiopia
81%
1,246,700Angola
79%

Score Distribution

Percentile by Number Answered

Percent of People with Each Score

Your Score History

You have not taken this quiz